000 00724nam a22002292i 4500
001 11363
003 BD-RjUL
005 20211208235119.0
008 140126s1958 xxk 001 0 eng d
035 _a(BD-RjUL)11412
040 _aUKM
_cUKM
_dEQO
_dBD-RjUL
_beng
041 _aeng
082 _a574.974
_218
_bFIT 1962
100 1 _aFisher, Gilbert Dempster.
_935126
245 1 4 _aThe teacher's book of nature study /
_cwith three lessons on the sea-shore written and illustrated by John Smyth
260 _aChambers :
_bW. & R. Cha. Ltd. ,
_cc1958 [3rd. imp. 1962].
300 _aviii, 328 p. :
_bill. ;
_c21 cm
504 _aIncludes index.
650 _aNature study.
_935127
942 _2ddc
_cBK
999 _c11363
_d11363